Préfectures des Hauts-de-France - Statistiques

Statistiques générales
  • Ce quiz a été pris 252 fois
  • Le résultat moyen est 4 sur 5
Statistiques - réponses
Département Préfecture % Correct
Nord Lille
100%
Somme Amiens
82%
Pas-de-Calais Arras
72%
Oise Beauvais
69%
Aisne Laon
59%
Aucun quiz correspondant
Distribution des résultats
% des personnes avec chaque résultat
Percentile par nombre de réponses
Votre historique - résultats
Vous n’avez pas pris ce quiz